Theater and education / (Record no. 23884)
[ view plain ]
| 000 -LEADER | |
|---|---|
| fixed length control field | 00523nam a2200181 a 4500 |
| 005 - DATE AND TIME OF LATEST TRANSACTION | |
| control field | 20140310183500.0 |
| 008 - FIXED-LENGTH DATA ELEMENTS--GENERAL INFORMATION | |
| fixed length control field | 100301s19uu xx 00 eng d |
| 020 ## - INTERNATIONAL STANDARD BOOK NUMBER | |
| International Standard Book Number | 9780230218574 |
| 050 ## - LIBRARY OF CONGRESS CALL NUMBER | |
| Classification number | PN 3171 |
| Item number | .N52 2009 |
| 100 ## - MAIN ENTRY--PERSONAL NAME | |
| Personal name | Nicholson, Helen |
| 245 ## - TITLE STATEMENT | |
| Title | Theater and education / |
| Statement of responsibility, etc | Helen Nicholson. |
| 260 ## - PUBLICATION, DISTRIBUTION, ETC. (IMPRINT) | |
| Place of publication, distribution, etc | UK : |
| Name of publisher, distributor, etc | Palgrave Macmillan, |
| Date of publication, distribution, etc | 2009. |
| 300 ## - PHYSICAL DESCRIPTION | |
| Extent | 91 p. : |
| Dimensions | 18 cm. |
| 521 ## - TARGET AUDIENCE NOTE | |
| Target audience note | |
| 650 ## - SUBJECT ADDED ENTRY--TOPICAL TERM | |
| Topical term or geographic name as entry element | Theater |
| General subdivision | education. 2. Film |
| -- | values, principles, motivation. |
| 942 ## - ADDED ENTRY ELEMENTS (KOHA) | |
| Koha item type | Books |
| Source of classification or shelving scheme | Library of Congress Classification |
| Call number prefix | Foreign |
| Withdrawn status | Lost status | Source of classification or shelving scheme | Damaged status | Home library | Current library | Shelving location | Date acquired | Source of acquisition | Cost, normal purchase price | Total Checkouts | Full call number | Barcode | Date last seen | Copy number | Price effective from | Koha item type |
|---|---|---|---|---|---|---|---|---|---|---|---|---|---|---|---|---|
| Library of Congress Classification | College Library | College Library | General Circulation Section | 03/01/2010 | Donation | 656.00 | PN 3171 .N52 2009 | C11109 | 05/15/2018 | 1 | 10/18/2013 | Books |